000 01103nac a22003377a 4500
001 BR0804300
003 BR-BrBNA
005 20240105123610.0
008 230509b bl.|||m| |||| 00| 0 por d
040 _aBR-BrBNA
_bpor
_cBiblioteca Nacional de Agricultura
072 _aF01
090 _a1124 BR0804300
100 1 _aSilva, V.V.
100 1 _aLoureiro, F.A.
100 1 _aBarradas, C.A. de A.
100 1 _aFonseca, M.F. de A.C.
110 1 _aEmpresa de Pesquisa Agropecuária do Estado do Rio de Janeiro, Niterói, RJ (Brasil)
_94127
245 1 _aO nosso caqui; a cartilha dos produtores da região serrana fluminense
260 3 _aNiterói, RJ (Brasil):
_c2006.
300 _a24 p.
490 _aDocumentos - Empresa de Pesquisa Agropecuária do Estado do Rio de Janeiro (Brazil)
_vno. 99
_x
650 _aCAQUI
650 _aPRÁTICA CULTURAL
650 _aPRAGA DE PLANTA
650 _aDOENÇA DE PLANTA
650 _aPRODUÇÃO ORGÂNICA
650 _aCULINÁRIA
650 _aRIO DE JANEIRO
909 _a202312
_bLúcia Elande
_c55
_dLúcia Elande
942 _2AGRIS
_n0
_cMS
999 _c296164
_d296164